[Event "M.Chigorin Memorial 2017 "]
[Site "?????-?????????"]
[Date "2017.10.22"]
[Round "2"]
[Board "42"]
[White "Khanin, Semen"]
[Black "Shpartko, Grigory"]
[Result "1-0"]
[WhiteElo "2450"]
[BlackElo "2216"]
[PlyCount "67"]
[EventDate "2017.10.21"]
[EventRounds "9"]
[EventCountry "RUS"]

1. e4 e5 2. Nf3 Nc6 3. Bb5 a6 4. Ba4 b5 5. Bb3 Be7 6. d4 exd4 7. Nxd4 Bb7 8.
Qh5 d5 9. Bxd5 Nxd4 10. Qxf7+ Kd7 11. Bxb7 Nf6 12. O-O Rf8 13. Qxg7 Rg8 14. Qh6
Ke8 15. e5 Rg6 16. Qd2 Ng4 17. c3 Bc5 18. cxd4 Qh4 19. Qf4 Bxd4 20. Bxa8 Bxe5
21. Re1 Re6 22. Bc6+ Ke7 23. Qg5+ Qxg5 24. Bxg5+ Kd6 25. Bf3 Nxh2 26. Nd2 Rg6
27. Rad1 c5 28. Nc4+ Kc7 29. Nxe5 Rxg5 30. Kxh2 c4 31. a3 Kb6 32. Rd6+ Ka7 33.
Nc6+ Kb6 34. Nb4+  1-0

[Event "M.Chigorin Memorial 2017 "]
[Site "?????-?????????"]
[Date "2017.10.22"]
[Round "2"]
[Board "43"]
[White "Stukan, Martin"]
[Black "Malakhov, Igor"]
[Result "1-0"]
[WhiteElo "2215"]
[BlackElo "2446"]
[PlyCount "120"]
[EventDate "2017.10.21"]
[EventRounds "9"]
[EventCountry "RUS"]

1. e4 c5 2. Nf3 Nc6 3. d4 cxd4 4. Nxd4 g6 5. c4 Bg7 6. Nc2 Nf6 7. Nc3 O-O 8.
Be2 d6 9. O-O Nd7 10. Bd2 a5 11. Be3 Nc5 12. f3 a4 13. Qd2 Qa5 14. Na3 Bd7 15.
Rfd1 Rfd8 16. Rac1 Nb4 17. Bf1 Rdc8 18. Bg5 Ncd3 19. Nd5 Bd4+ 20. Kh1 Nf2+ 21.
Kg1 e5 22. Nf6+ Kg7 23. Bh6+ Kxf6 24. Qg5+ Ke6 25. Rxd4 Qc5 26. Bg7 Nxe4 27.
fxe4 Qxd4+ 28. Kh1 Qf2 29. g3 f6 30. Qh6 Qf3+ 31. Bg2 Qh5 32. Bh3+ Kf7 33. Bxd7
Qxh6 34. Bxh6 Rc7 35. Bg4 Ke7 36. Be3 Nxa2 37. Rd1 Nb4 38. Be2 Rc6 39. Nb5 Nc2
40. Bf2 a3 41. bxa3 f5 42. exf5 gxf5 43. Rc1 Nxa3 44. Ra1 Nxb5 45. Rxa8 Nc3 46.
Bf1 Nd1 47. Bg1 Nb2 48. Rh8 Nxc4 49. Rxh7+ Ke6 50. Rxb7 Nd2 51. Be2 Rc2 52. Bd3
Rc1 53. Kg2 e4 54. Be2 Rc2 55. Bd1 Rc1 56. Ba4 d5 57. Be3 Ra1 58. Bd7+ Ke5 59.
Rb6 d4 60. Bf4+ Kd5  1-0

[Event "M.Chigorin Memorial 2017 "]
[Site "?????-?????????"]
[Date "2017.10.22"]
[Round "2"]
[Board "44"]
[White "Palchun, Grigory"]
[Black "Ibadov, Dashgyn"]
[Result "1-0"]
[WhiteElo "2441"]
[BlackElo "2213"]
[PlyCount "75"]
[EventDate "2017.10.21"]
[EventRounds "9"]
[EventCountry "RUS"]

1. Nf3 c5 2. e4 Nc6 3. d4 cxd4 4. Nxd4 g6 5. Nc3 Bg7 6. Be3 Nf6 7. Bc4 O-O 8.
Bb3 Re8 9. f3 e6 10. O-O d5 11. exd5 Nxd5 12. Nxd5 exd5 13. Bf2 Qg5 14. Kh1 Qh5
15. Ne2 d4 16. Bxd4 Nxd4 17. Nxd4 Qh4 18. c3 Re5 19. f4 Rh5 20. Nf3 Qxf4 21.
Qd8+ Bf8 22. Rae1 Bg4 23. Bxf7+ Kg7 24. Qd4+ Qxd4 25. Nxd4 Bd6 26. Be6 Rxh2+
27. Kg1 Rh4 28. Rf7+ Kh8 29. Bxg4 Rxg4 30. Rxb7 Bc5 31. b4 Bxd4+ 32. cxd4 Rxd4
33. Ree7 Rh4 34. b5 Rh5 35. a4 Rh4 36. Rxa7 Rxa4 37. b6 R4xa7 38. bxa7  1-0

[Event "M.Chigorin Memorial 2017 "]
[Site "?????-?????????"]
[Date "2017.10.22"]
[Round "2"]
[Board "45"]
[White "Yakubboev, Nodirbek"]
[Black "Cherednichenko, Dmitrij"]
[Result "1/2-1/2"]
[WhiteElo "2437"]
[BlackElo "2209"]
[PlyCount "80"]
[EventDate "2017.10.21"]
[EventRounds "9"]
[EventCountry "RUS"]

1. Nf3 d5 2. g3 f5 3. Bg2 Nf6 4. d4 e6 5. O-O Bd6 6. c4 c6 7. b3 Qe7 8. a4 O-O
9. Ba3 Bxa3 10. Nxa3 Bd7 11. Nc2 Be8 12. Nce1 Bh5 13. Ne5 Nbd7 14. N1d3 Nxe5
15. Nxe5 Nd7 16. Nxd7 Qxd7 17. c5 f4 18. Qd2 Qc7 19. Rfe1 e5 20. e4 fxe3 21.
Rxe3 e4 22. b4 Rf6 23. b5 Raf8 24. Rf1 Qd7 25. bxc6 bxc6 26. Rb3 Bf3 27. h4 Rf4
28. Rb8 R4f6 29. Rfb1 Bxg2 30. Kxg2 Qg4 31. R1b3 h6 32. Rxf8+ Rxf8 33. a5 Rf3
34. Re3 Rf8 35. Qc2 Kh8 36. Qd2 Kg8 37. Qc2 Kh8 38. Qd2 Kg8 39. Qc2 Kh8 40. Qd2
Kg8  1/2-1/2

[Event "M.Chigorin Memorial 2017 "]
[Site "?????-?????????"]
[Date "2017.10.22"]
[Round "2"]
[Board "46"]
[White "Hakobyan, Hovhannes H."]
[Black "Kozionov, Kirill"]
[Result "1/2-1/2"]
[WhiteElo "2212"]
[BlackElo "2433"]
[PlyCount "103"]
[EventDate "2017.10.21"]
[EventRounds "9"]
[EventCountry "RUS"]

1. e4 c5 2. Nf3 d6 3. Bb5+ Nd7 4. d4 cxd4 5. Qxd4 a6 6. Bxd7+ Bxd7 7. Nc3 Nf6
8. Bg5 Bc6 9. O-O-O h6 10. Bxf6 gxf6 11. Qd3 Bd7 12. Nd4 Rc8 13. Rhe1 Qa5 14.
Kb1 e6 15. f4 Rg8 16. f5 Rxg2 17. Qf3 Rg7 18. fxe6 fxe6 19. Qxf6 Rf7 20. Qg6
Qg5 21. Qxg5 hxg5 22. e5 dxe5 23. Rxe5 Bg7 24. Rxg5 Rc4 25. Nde2 Rh4 26. Rdg1
Bf6 27. R5g4 Rxg4 28. Rxg4 Bxc3 29. bxc3 Rf2 30. Nd4 Rxh2 31. Kb2 Ke7 32. c4 e5
33. Rg7+ Kd6 34. c5+ Kxc5 35. Rxd7 exd4 36. Rxb7 d3 37. Rd7 Rxc2+ 38. Kb3 Rd2
39. Kc3 Rxa2 40. Rxd3 a5 41. Rd8 a4 42. Rc8+ Kb5 43. Rb8+ Kc6 44. Rc8+ Kb7 45.
Rh8 Kc6 46. Kb4 Ra1 47. Rh6+ Kc7 48. Ra6 Rb1+ 49. Ka3 Kb7 50. Rxa4 Ra1+ 51. Kb4
Rxa4+ 52. Kxa4  1/2-1/2

[Event "M.Chigorin Memorial 2017 "]
[Site "?????-?????????"]
[Date "2017.10.22"]
[Round "2"]
[Board "47"]
[White "Khadzhiev, Valery"]
[Black "Bodnaruk, Anastasia"]
[Result "0-1"]
[WhiteElo "2208"]
[BlackElo "2432"]
[PlyCount "96"]
[EventDate "2017.10.21"]
[EventRounds "9"]
[EventCountry "RUS"]

1. d4 Nf6 2. Nf3 g6 3. c4 Bg7 4. Nc3 O-O 5. e3 d6 6. Be2 Nbd7 7. O-O e5 8. Qc2
Re8 9. b4 a5 10. b5 exd4 11. exd4 Nb6 12. h3 Bf5 13. Bd3 Bxd3 14. Qxd3 Rc8 15.
Bf4 Nh5 16. Bh2 Qf6 17. Rac1 Nf4 18. Bxf4 Qxf4 19. Rfd1 c6 20. Rc2 d5 21. c5
Nc4 22. Re2 Re6 23. bxc6 bxc6 24. Na4 Rb8 25. Rxe6 fxe6 26. Nb6 Nxb6 27. cxb6
Rxb6 28. Qc3 Qb8 29. Qe1 h6 30. Qxe6+ Kh7 31. Ne5 c5 32. Qg4 Qe8 33. dxc5 Rb4
34. Qxg6+ Qxg6 35. Nxg6 Kxg6 36. Rxd5 Rc4 37. c6 a4 38. Ra5 Bf8 39. Ra6 a3 40.
g4 Kf7 41. Kg2 Rc2 42. Ra7+ Ke6 43. Ra8 Bd6 44. Ra6 Rxa2 45. h4 Rc2 46. g5 hxg5
47. hxg5 a2 48. g6 Be5  0-1

[Event "M.Chigorin Memorial 2017 "]
[Site "?????-?????????"]
[Date "2017.10.22"]
[Round "2"]
[Board "48"]
[White "Dai, Changren"]
[Black "Davydov, Sergey P."]
[Result "1-0"]
[WhiteElo "2425"]
[BlackElo "2207"]
[PlyCount "91"]
[EventDate "2017.10.21"]
[EventRounds "9"]
[EventCountry "RUS"]

1. d4 Nf6 2. c4 c5 3. d5 e5 4. Nc3 d6 5. e4 Be7 6. Bd3 O-O 7. Nge2 Ne8 8. Ng3
a6 9. O-O Bg5 10. a3 Nd7 11. Rb1 g6 12. b4 b6 13. Na4 Ng7 14. bxc5 bxc5 15. Qc2
Bxc1 16. Rfxc1 h5 17. f3 h4 18. Nh1 Nh5 19. Nf2 Nf4 20. Bf1 Kg7 21. Rb3 Qa5 22.
Nb2 Nf6 23. Nbd3 N4h5 24. Qb2 g5 25. Rb6 Ne8 26. Rb1 Nf4 27. Nxf4 gxf4 28. Rxd6
f6 29. Rc6 Rf7 30. Nd3 Rb7 31. Qa1 Qd2 32. Rxb7+ Bxb7 33. Rb6 Qe3+ 34. Kh1 Bc8
35. Qe1 h3 36. Qxe3 fxe3 37. gxh3 Ra7 38. Nxc5 Kg6 39. Nd3 Kg5 40. c5 a5 41.
Rb8 Rc7 42. d6 Rc6 43. Kg1 Kh4 44. Be2 Kxh3 45. f4 Ng7 46. d7  1-0

[Event "M.Chigorin Memorial 2017 "]
[Site "?????-?????????"]
[Date "2017.10.22"]
[Round "2"]
[Board "49"]
[White "Khokhlova, Daria"]
[Black "Vlasenko, Miroslav"]
[Result "1-0"]
[WhiteElo "2207"]
[BlackElo "2423"]
[PlyCount "63"]
[EventDate "2017.10.21"]
[EventRounds "9"]
[EventCountry "RUS"]

1. d4 f5 2. Nf3 Nf6 3. g3 e6 4. c4 Bb4+ 5. Bd2 Be7 6. Nc3 d5 7. Bg2 c6 8. b3
O-O 9. O-O Bd7 10. Ne5 Be8 11. e3 Bh5 12. f3 Nbd7 13. Nd3 Bd6 14. Qc2 Rc8 15.
e4 e5 16. dxe5 Nxe5 17. exd5 cxd5 18. Nxd5 Nxf3+ 19. Bxf3 Bxf3 20. Nxf6+ Qxf6
21. Bc3 Qg6 22. Rxf3 f4 23. Ne1 Qh5 24. gxf4 Bxf4 25. Qg2 g5 26. h3 Rce8 27.
Rd1 Re3 28. Rd7 Qxf3 29. Qxf3 Bh2+ 30. Kxh2 Rfxf3 31. Nxf3 Rxf3 32. Be5  1-0

[Event "M.Chigorin Memorial 2017 "]
[Site "?????-?????????"]
[Date "2017.10.22"]
[Round "2"]
[Board "50"]
[White "Duzhakov, Ilya"]
[Black "Sukhareva, Evgeniya"]
[Result "1-0"]
[WhiteElo "2423"]
[BlackElo "2207"]
[PlyCount "145"]
[EventDate "2017.10.21"]
[EventRounds "9"]
[EventCountry "RUS"]

1. d4 Nf6 2. c4 e6 3. Nc3 d5 4. cxd5 exd5 5. Bg5 Be7 6. e3 c6 7. Bd3 Nbd7 8.
Nf3 Nh5 9. Bxe7 Qxe7 10. O-O O-O 11. Qb1 g6 12. b4 Ng7 13. b5 Nf6 14. bxc6 bxc6
15. Na4 Bf5 16. Ne5 Rfc8 17. Rc1 Qe8 18. Bxf5 Nxf5 19. Qb7 Ne7 20. Rc2 Ne4 21.
Rac1 Rab8 22. Qa6 f6 23. Nd3 Rc7 24. h3 Qc8 25. Qxc8+ Rcxc8 26. Nac5 Nxc5 27.
Rxc5 Kf7 28. Ra5 Rc7 29. a3 Rb6 30. Nb4 Rd7 31. g4 Ke6 32. f3 g5 33. Kf2 h6 34.
Rc2 Kd6 35. e4 Ke6 36. Ke3 Kf7 37. Rcc5 Ke6 38. Rc3 Kf7 39. Rac5 Rd6 40. Ra5
Rd7 41. Rc1 Ke6 42. Nd3 Kf7 43. Nb4 Ke6 44. Ra4 Kf7 45. Rc5 Ke6 46. Rca5 Nc8
47. Kd3 Rd8 48. Rc5 Rd6 49. Raa5 dxe4+ 50. fxe4 Kd7 51. Rc3 Rb7 52. Ke3 Ne7 53.
Nd3 Ke8 54. Nc5 Rb1 55. Rxa7 Rh1 56. Rc4 Rxh3+ 57. Ke2 Rh2+ 58. Kf3 Rb2 59.
Rca4 Rb8 60. Rc7 Ng6 61. Rg7 Nf8 62. Raa7 Rxd4 63. Rae7+ Kd8 64. Ref7 Ke8 65.
Rxf8+ Kxf8 66. Ne6+ Ke8 67. Nxd4 Rb6 68. Ra7 c5 69. Nf5 c4 70. Ke3 c3 71. Kd3
Rc6 72. Nd4 Rc5 73. a4  1-0

[Event "M.Chigorin Memorial 2017 "]
[Site "?????-?????????"]
[Date "2017.10.22"]
[Round "2"]
[Board "51"]
[White "Utiatskaja, Irina"]
[Black "Liu, Yan"]
[Result "0-1"]
[WhiteElo "2203"]
[BlackElo "2422"]
[PlyCount "71"]
[EventDate "2017.10.21"]
[EventRounds "9"]
[EventCountry "RUS"]

1. Nf3 Nf6 2. c4 e6 3. g3 b6 4. Bg2 Bb7 5. O-O Be7 6. Nc3 O-O 7. d4 Ne4 8. Bd2
Bf6 9. Ne5 Nxc3 10. Bxc3 Bxg2 11. Kxg2 d5 12. Ng4 Be7 13. Qd3 f5 14. Ne5 Bd6
15. Rfd1 c6 16. Nf3 Nd7 17. Rac1 Nf6 18. cxd5 cxd5 19. Bd2 Qe8 20. Rc2 Ne4 21.
Rdc1 f4 22. Qa6 g5 23. g4 h5 24. h3 hxg4 25. hxg4 Qd7 26. Ne5 Bxe5 27. dxe5 Nc5
28. Qa3 Qh7 29. b4 Nd7 30. Rc7 Qe4+ 31. Qf3 Qxf3+ 32. exf3 Nxe5 33. Bc3 Nf7 34.
Bf6 Rfe8 35. R1c6 b5 36. Kf1 {Unreadable}  0-1

[Event "M.Chigorin Memorial 2017 "]
[Site "?????-?????????"]
[Date "2017.10.22"]
[Round "2"]
[Board "52"]
[White "Faizrakhmanov, Ramil"]
[Black "Kharmunova, Nadezhda"]
[Result "1-0"]
[WhiteElo "2421"]
[BlackElo "2199"]
[PlyCount "119"]
[EventDate "2017.10.21"]
[EventRounds "9"]
[EventCountry "RUS"]

1. d4 Nf6 2. c4 e6 3. Nc3 Bb4 4. e3 O-O 5. Nge2 c6 6. Ng3 d5 7. Bd3 Nbd7 8. O-O
dxc4 9. Bxc4 e5 10. a3 Ba5 11. Ba2 c5 12. d5 a6 13. Nce4 Ne8 14. d6 Kh8 15. Qc2
b5 16. f4 c4 17. Bb1 exf4 18. Rxf4 Ne5 19. d7 Bxd7 20. Nc5 g6 21. Nb7 Qb6 22.
Nxa5 Qxa5 23. Bd2 Qc7 24. Bb4 Rg8 25. Bc3 Ng7 26. Ne4 Bf5 27. Qf2 Rad8 28. Bc2
Bxe4 29. Rxe4 Rd5 30. Qf6 Re8 31. Qxa6 f5 32. Rh4 Qe7 33. Rh3 Kg8 34. Qb6 Nd7
35. Qc6 Rc5 36. Qf3 Ne6 37. Rg3 Ne5 38. Qxf5 Rf8 39. Qe4 Ng5 40. Qd4 Rd8 41.
Qf4 Rf8 42. Qd4 Rd8 43. Re1 Rxd4 44. exd4 Rd5 45. dxe5 Ne6 46. Be4 Rd8 47. h3
Nf4 48. Kh2 Nd3 49. Ree3 Nf2 50. Bc2 Nd1 51. Bxd1 Rxd1 52. e6 Rd8 53. Bb4 Qc7
54. e7 Re8 55. Kh1 Kg7 56. Rgf3 Qb6 57. Re1 Qc6 58. Rf8 Qd7 59. Rxe8 Qxe8 60.
Rf1  1-0

[Event "M.Chigorin Memorial 2017 "]
[Site "?????-?????????"]
[Date "2017.10.22"]
[Round "2"]
[Board "53"]
[White "Azimov, Ilyas"]
[Black "Gaifullin, Artur"]
[Result "0-1"]
[WhiteElo "2195"]
[BlackElo "2414"]
[PlyCount "74"]
[EventDate "2017.10.21"]
[EventRounds "9"]
[EventCountry "RUS"]

1. e4 g6 2. d4 Bg7 3. Nc3 d6 4. f4 a6 5. Nf3 Nd7 6. Be3 b5 7. a3 Bb7 8. d5 Ngf6
9. Bd3 O-O 10. O-O c6 11. dxc6 Bxc6 12. h3 Qc7 13. Qe2 Qb7 14. Bd2 Nc5 15. Rae1
Rac8 16. Kh2 Nfd7 17. Qe3 Qa8 18. Nd4 Bb7 19. b4 e5 20. fxe5 dxe5 21. Nb3 Ne6
22. Na5 Nd4 23. Qf2 f5 24. Qh4 Bf6 25. Qg3 f4 26. Qg4 Rf7 27. Nb3 Nxb3 28. cxb3
Rd8 29. Bb1 Nf8 30. Bc1 h5 31. Qe2 Ne6 32. Rd1 Nd4 33. Qf2 g5 34. g3 Bg7 35.
Bb2 g4 36. Ne2 fxg3+ 37. Qxg3 Nxe2  0-1

[Event "M.Chigorin Memorial 2017 "]
[Site "?????-?????????"]
[Date "2017.10.22"]
[Round "2"]
[Board "54"]
[White "Sadovsky, Artem"]
[Black "Nandhidhaa, Pv"]
[Result "1/2-1/2"]
[WhiteElo "2407"]
[BlackElo "2190"]
[PlyCount "183"]
[EventDate "2017.10.21"]
[EventRounds "9"]
[EventCountry "RUS"]

1. c4 e6 2. g3 d5 3. Bg2 Nf6 4. Nf3 Be7 5. O-O O-O 6. b3 c5 7. Bb2 Nc6 8. cxd5
Nxd5 9. Nc3 Bf6 10. Qc1 Nxc3 11. Bxc3 Nd4 12. Re1 Rb8 13. d3 Nxf3+ 14. Bxf3 b6
15. a4 Bb7 16. Bxb7 Rxb7 17. a5 Bd4 18. axb6 Qxb6 19. Ra3 Rfb8 20. Qc2 Bxc3 21.
Qxc3 Qb4 22. Qa1 Qd4 23. Rxa7 Rxb3 24. Rc7 h6 25. Rc1 Qxa1 26. Rxa1 Rb1+ 27.
Rxb1 Rxb1+ 28. Kg2 Rb2 29. Kf3 Rc2 30. h4 g6 31. g4 g5 32. h5 Kg7 33. e3 Rd2
34. Rxc5 Rxd3 35. Ke4 Rd1 36. Rc4 Kf6 37. f4 Rg1 38. Kf3 Rf1+ 39. Kg2 Rb1 40.
Rc5 gxf4 41. exf4 Rb3 42. Kf2 Rh3 43. Kg2 Rb3 44. Rc8 Kg7 45. Rc6 Rd3 46. Kf2
Rh3 47. Rc1 f5 48. gxf5 exf5 49. Rc7+ Kg8 50. Rc5 Rxh5 51. Ke3 Kg7 52. Kd4 Rh1
53. Ke5 Re1+ 54. Kxf5 Re7 55. Rc4 Ra7 56. Rc6 Kf7 57. Rxh6 Ra5+ 58. Kg4 Ra1 59.
Kg5 Ra5+ 60. f5 Ra1 61. Rh7+ Kg8 62. Re7 Ra6 63. Re6 Ra7 64. Kf6 Rf7+ 65. Ke5
Ra7 66. Kf6 Rf7+ 67. Kg5 Ra7 68. Rg6+ Kf7 69. Rh6 Ra1 70. Rh7+ Kg8 71. Re7 Ra6
72. Re6 Ra7 73. Re1 Kf7 74. Rb1 Rc7 75. Rh1 Rc2 76. Rh7+ Kg8 77. Rh6 Kf7 78.
Rh7+ Kg8 79. Re7 Rc6 80. Kf4 Rc5 81. Ra7 Rb5 82. Kg5 Rb6 83. Rc7 Ra6 84. Re7
Rb6 85. Re6 Rb7 86. Rh6 Ra7 87. Rh1 Ra6 88. Rd1 Kf7 89. Rd8 Rc6 90. Rd7+ Kg8
91. Re7 Ra6 92. Re6  1/2-1/2

[Event "M.Chigorin Memorial 2017 "]
[Site "?????-?????????"]
[Date "2017.10.22"]
[Round "2"]
[Board "55"]
[White "Kotau, Arseni"]
[Black "Sindarov, Javokhir"]
[Result "0-1"]
[WhiteElo "2187"]
[BlackElo "2406"]
[PlyCount "60"]
[EventDate "2017.10.21"]
[EventRounds "9"]
[EventCountry "RUS"]

1. d4 Nf6 2. c4 g6 3. Nc3 Bg7 4. e4 d6 5. f3 O-O 6. Nge2 c5 7. Be3 b6 8. d5 e6
9. Ng3 Ba6 10. Be2 exd5 11. cxd5 Bxe2 12. Qxe2 a6 13. a4 Nbd7 14. O-O Ne8 15.
Rad1 Nc7 16. f4 f6 17. e5 fxe5 18. f5 Nf6 19. fxg6 hxg6 20. Bg5 Qd7 21. Qd3 Kh7
22. Bxf6 Bxf6 23. Nce4 Bh4 24. Nh5 Qxa4 25. Qh3 Qxe4 26. Nf6+ Rxf6 27. Rxf6 Kg8
28. Rxd6 Rf8 29. Rxb6 Qc4 30. Qd3 Bf2+  0-1

[Event "M.Chigorin Memorial 2017 "]
[Site "?????-?????????"]
[Date "2017.10.22"]
[Round "2"]
[Board "56"]
[White "Ofitserian, Boris"]
[Black "Oglaza, Oskar"]
[Result "1-0"]
[WhiteElo "2402"]
[BlackElo "2182"]
[PlyCount "83"]
[EventDate "2017.10.21"]
[EventRounds "9"]
[EventCountry "RUS"]

1. c4 f5 2. d4 Nf6 3. Nf3 g6 4. e3 Bg7 5. b4 O-O 6. Bb2 d6 7. Be2 e6 8. Nc3 Qe7
9. O-O Rd8 10. Qb3 Nbd7 11. Rfd1 Nf8 12. a4 h6 13. a5 g5 14. c5 Ng6 15. b5 g4
16. Ne1 Kh7 17. Ba3 dxc5 18. Nd3 Qe8 19. Nxc5 b6 20. Na6 Qf7 21. Nb4 Ne7 22.
Bb2 Bb7 23. Bc4 Qh5 24. Ne2 Bd5 25. Nf4 Qf7 26. Nfxd5 Nfxd5 27. Nd3 bxa5 28.
Rxa5 c6 29. Rda1 cxb5 30. Rxb5 f4 31. e4 Nb6 32. Bxe6 Qg6 33. Rf5 Nbd5 34. Bf7
Qb6 35. Qxb6 Nxb6 36. Rxf4 Bxd4 37. Bxd4 Rxd4 38. Ne5 Rad8 39. Bb3 Rb4 40. Rf7+
Kh8 41. Rxe7 Rxb3 42. Nf7+  1-0

[Event "M.Chigorin Memorial 2017 "]
[Site "?????-?????????"]
[Date "2017.10.22"]
[Round "2"]
[Board "57"]
[White "Navrodskiy, Boris"]
[Black "Erenberg, Ariel"]
[Result "0-1"]
[WhiteElo "2180"]
[BlackElo "2401"]
[PlyCount "112"]
[EventDate "2017.10.21"]
[EventRounds "9"]
[EventCountry "RUS"]

1. d4 Nf6 2. c4 g6 3. Nc3 d5 4. cxd5 Nxd5 5. Bd2 Nb6 6. e3 Bg7 7. Nf3 O-O 8.
Be2 Nc6 9. O-O e5 10. dxe5 Nxe5 11. Nxe5 Bxe5 12. Qc2 Qe7 13. Bf3 Rd8 14. Rfd1
c6 15. Ne2 Bf5 16. e4 Be6 17. Bc3 Qc5 18. b3 a5 19. Qb2 Bxc3 20. Qxc3 Rxd1+ 21.
Rxd1 Qxc3 22. Nxc3 a4 23. b4 a3 24. Rd2 Nc4 25. Rd4 Nb2 26. Rd2 Ra6 27. Be2 Rb6
28. Rd4 Kg7 29. f4 Bc4 30. Rxc4 Nxc4 31. Bxc4 Rxb4 32. Bb3 Rd4 33. Nb1 Rxe4 34.
Kf2 Rxf4+ 35. Ke3 Rh4 36. h3 b5 37. Nxa3 f5 38. Nc2 c5 39. Bd5 Kf6 40. Ne1 Ke7
41. Bc6 Rb4 42. Nd3 Rb1 43. Kd2 Kd6 44. Bf3 c4 45. Nc1 Kc5 46. Kc2 Rb4 47. Ne2
Ra4 48. Kb2 b4 49. Nf4 Ra6 50. h4 Rd6 51. Kc2 Kd4 52. Bb7 h6 53. h5 g5 54. Ng6
Re6 55. Kd2 c3+ 56. Kd1 Kd3  0-1

[Event "M.Chigorin Memorial 2017 "]
[Site "?????-?????????"]
[Date "2017.10.22"]
[Round "2"]
[Board "58"]
[White "Vokhidov, Shamsiddin"]
[Black "Zhou, Guijue"]
[Result "1-0"]
[WhiteElo "2399"]
[BlackElo "2179"]
[PlyCount "87"]
[EventDate "2017.10.21"]
[EventRounds "9"]
[EventCountry "RUS"]

1. e4 e5 2. Nf3 Nf6 3. Nxe5 d6 4. Nf3 Nxe4 5. d3 Nf6 6. d4 Be7 7. Bd3 O-O 8.
O-O Re8 9. h3 b6 10. Bf4 Bb7 11. Nbd2 Nbd7 12. Bg3 Nf8 13. c3 a6 14. Qc2 Ne6
15. Rfe1 Bf8 16. Re2 g6 17. Rae1 Qd7 18. Ne4 Nxe4 19. Bxe4 Bxe4 20. Rxe4 Ng7
21. d5 Rxe4 22. Rxe4 Nf5 23. Bf4 Re8 24. g4 Rxe4 25. Qxe4 Ne7 26. Nd4 h5 27.
Bg5 hxg4 28. hxg4 Nc8 29. Nc6 Bg7 30. a4 Be5 31. Kg2 Kh7 32. Nxe5 dxe5 33. Bf6
Ne7 34. c4 Ng8 35. Bxe5 f6 36. Bc3 b5 37. cxb5 axb5 38. a5 Ne7 39. Bxf6 Nxd5
40. Bd4 Qc6 41. Kg3 Qd6+ 42. Qe5 Nb4 43. Qxd6 cxd6 44. Kf4  1-0

[Event "M.Chigorin Memorial 2017 "]
[Site "?????-?????????"]
[Date "2017.10.22"]
[Round "2"]
[Board "59"]
[White "Semenenko, Sergey"]
[Black "Bryakin, Mikhail"]
[Result "0-1"]
[WhiteElo "2175"]
[BlackElo "2391"]
[PlyCount "104"]
[EventDate "2017.10.21"]
[EventRounds "9"]
[EventCountry "RUS"]

1. d4 d5 2. c4 c6 3. Nc3 dxc4 4. Nf3 b5 5. a4 b4 6. Ne4 Qd5 7. Ng3 Nf6 8. Qc2
b3 9. Qc3 a5 10. e3 Ba6 11. Bd2 Nbd7 12. Qxa5 e6 13. Be2 h5 14. h4 Bd6 15. Qxd5
cxd5 16. Ng5 Bb5 17. a5 Nb6 18. Bf3 Na4 19. Rb1 Bc7 20. Ne2 Bxa5 21. Bxa5 Rxa5
22. Kd2 O-O 23. Rhc1 Nb6 24. Nc3 Bc6 25. Ra1 Rfa8 26. Rxa5 Rxa5 27. Nh3 g6 28.
Nf4 Kf8 29. Nfe2 Ke7 30. Nf4 Kd6 31. Nfe2 Nfd7 32. g3 e5 33. Bg2 exd4 34. exd4
Nf6 35. Bf3 Bd7 36. Nf4 Bf5 37. Re1 Nbd7 38. Rc1 Nb8 39. Nfe2 Nc6 40. Rg1 Nb4
41. Nf4 Nc2 42. Nfe2 Ra2 43. Rh1 Rxb2 44. Kc1 Ra2 45. Nxa2 bxa2 46. Kb2 a1=Q+
47. Rxa1 Nxa1 48. Kxa1 Be4 49. Bxe4 Nxe4 50. f3 Nd2 51. f4 Ke6 52. Kb2 Ne4  0-1

[Event "M.Chigorin Memorial 2017 "]
[Site "?????-?????????"]
[Date "2017.10.22"]
[Round "2"]
[Board "60"]
[White "Gubajdullin, Alexei"]
[Black "Petrova, Irina"]
[Result "1-0"]
[WhiteElo "2391"]
[BlackElo "2174"]
[PlyCount "79"]
[EventDate "2017.10.21"]
[EventRounds "9"]
[EventCountry "RUS"]

1. d4 d5 2. Bf4 Nf6 3. e3 c5 4. c3 Nc6 5. Nd2 Bf5 6. Qb3 Qd7 7. Ngf3 c4 8. Qd1
e6 9. Ne5 Nxe5 10. Bxe5 Be7 11. Be2 O-O 12. g4 Be4 13. Rg1 Bg6 14. h4 Ne4 15.
h5 Nxd2 16. Qxd2 f6 17. Bf4 Be8 18. g5 f5 19. b3 cxb3 20. axb3 Bd6 21. h6 g6
22. Bxd6 Qxd6 23. f4 b5 24. c4 bxc4 25. bxc4 dxc4 26. Bxc4 Bc6 27. Ra6 Qd7 28.
Qa2 Rfe8 29. Kf2 Rab8 30. Rxa7 Rb7 31. Rxb7 Bxb7 32. Rb1 Bd5 33. Bxd5 exd5 34.
Rb6 Kh8 35. Qb3 Qe7 36. Rb8 Qe4 37. Rxe8+ Qxe8 38. Qb7 Qg8 39. Qe7 Qf7 40. Qd8+
 1-0

[Event "M.Chigorin Memorial 2017 "]
[Site "?????-?????????"]
[Date "2017.10.22"]
[Round "2"]
[Board "61"]
[White "Komov, Roman"]
[Black "Saveliev, Alexei"]
[Result "1/2-1/2"]
[WhiteElo "2168"]
[BlackElo "2387"]
[PlyCount "83"]
[EventDate "2017.10.21"]
[EventRounds "9"]
[EventCountry "RUS"]

1. Nf3 c5 2. c4 Nc6 3. d4 cxd4 4. Nxd4 e5 5. Nb5 d6 6. N1c3 a6 7. Na3 Be6 8. g3
Rc8 9. Bg2 Nf6 10. O-O Na5 11. Bg5 h6 12. Bxf6 gxf6 13. Nd5 h5 14. b4 Nxc4 15.
Nxc4 Rxc4 16. Qb3 Rc8 17. b5 Bg7 18. bxa6 bxa6 19. Qa4+ Kf8 20. Qxa6 h4 21.
Rfc1 hxg3 22. hxg3 Ra8 23. Qc6 f5 24. Nc7 Rb8 25. Bd5 Rh6 26. Bxe6 fxe6 27.
Rab1 Ke7 28. a4 e4 29. Rxb8 Qxb8 30. Qa8 Qxa8 31. Nxa8 Bd4 32. Rc7+ Kf6 33. a5
Rh8 34. Nb6 Ke5 35. e3 Bxb6 36. axb6 Rb8 37. b7 d5 38. Rd7 Rh8 39. Kf1 Rh1+ 40.
Ke2 Rb1 41. Kd2 Rb2+ 42. Kc3  1/2-1/2

[Event "M.Chigorin Memorial 2017 "]
[Site "?????-?????????"]
[Date "2017.10.22"]
[Round "2"]
[Board "62"]
[White "Zhang, Ziji"]
[Black "Volkov, Roman"]
[Result "1-0"]
[WhiteElo "2387"]
[BlackElo "2165"]
[PlyCount "49"]
[EventDate "2017.10.21"]
[EventRounds "9"]
[EventCountry "RUS"]

1. d4 Nf6 2. c4 g6 3. Nc3 Bg7 4. e4 d6 5. h3 O-O 6. Be3 Nc6 7. Nf3 e5 8. d5 Ne7
9. c5 Nh5 10. Rc1 Bd7 11. Nd2 f5 12. cxd6 cxd6 13. Nc4 f4 14. Bd2 Be8 15. a4
Nc8 16. Qb3 Rb8 17. Be2 Qg5 18. g4 Qh4 19. gxh5 gxh5 20. Nb5 f3 21. Bd3 Qe7 22.
Bb4 Rf6 23. Ne3 a6 24. Nc7 Bf7 25. Ne6  1-0

[Event "M.Chigorin Memorial 2017 "]
[Site "?????-?????????"]
[Date "2017.10.22"]
[Round "2"]
[Board "63"]
[White "Derli, Olga"]
[Black "Meribanov, Vitaly"]
[Result "1/2-1/2"]
[WhiteElo "2162"]
[BlackElo "2386"]
[PlyCount "142"]
[EventDate "2017.10.21"]
[EventRounds "9"]
[EventCountry "RUS"]

1. e4 c5 2. Nf3 Nc6 3. Bb5 g6 4. Bxc6 bxc6 5. O-O Bg7 6. Nc3 Nh6 7. d3 O-O 8.
Be3 d6 9. h3 f6 10. Qd2 Nf7 11. Nh2 e5 12. f4 f5 13. Nf3 Bd7 14. Rad1 Qb6 15.
fxe5 fxe4 16. dxe4 Nxe5 17. Nxe5 Bxe5 18. Rxf8+ Rxf8 19. Na4 Qb8 20. Nxc5 Bxh3
21. Nd3 Bg4 22. Nxe5 dxe5 23. Rb1 Qb5 24. Bh6 Qc5+ 25. Kh2 Re8 26. Qg5 Be2 27.
Re1 Qf2 28. Qg3 Qxg3+ 29. Kxg3 Ba6 30. Rd1 Kf7 31. Be3 Re7 32. Bc5 Rb7 33. b3
Be2 34. Rd8 Rb5 35. Bxa7 Ra5 36. Bb8 Rxa2 37. Rd2 Bb5 38. Bxe5 Ke6 39. Bf4 g5
40. Bxg5 c5 41. Bf4 c4 42. Rd6+ Ke7 43. Rb6 Bd7 44. bxc4 Rxc2 45. Bd6+ Kf7 46.
c5 Kg6 47. Bf4+ Kf7 48. Be3 Ba4 49. Rb7+ Kg6 50. Kf4 Rxg2 51. Bd4 Rd2 52. Rb6+
Kf7 53. Ke5 Rc2 54. Rh6 Kg7 55. Ra6 Be8 56. Ke6+ Kh6 57. Ke7+ Bg6 58. e5 Kg5
59. e6 h5 60. c6 h4 61. Bf6+ Kg4 62. Ra4+ Kf5 63. Ra5+ Ke4 64. Bxh4 Rxc6 65.
Kf6 Be8 66. Re5+ Kf4 67. Rd5 Ra6 68. Rd8 Ba4 69. Rd4+ Ke3 70. Rd8 Bb3 71. Re8
Rxe6+  1/2-1/2